| 000 | 00506nam a22001937a 4500 | ||
|---|---|---|---|
| 005 | 20251024162617.0 | ||
| 008 | 251024b |||||||| |||| 00| 0 eng d | ||
| 037 | _cTB | ||
| 040 |
_aAL _cAL |
||
| 041 |
_2ENG _aENG |
||
| 084 | _bAL | ||
| 100 |
_aFakhar Zaman _9849535 |
||
| 245 | _aPakistan literature | ||
| 260 |
_aIslamabad, Pakistan: _bPak Academy, _c1994. |
||
| 300 | _a664p. | ||
| 365 |
_b590.00 _cINR |
||
| 942 |
_2CC _cTB _n0 |
||
| 999 |
_c1465056 _d1465056 |
||